|
|
|
|
| LEADER |
00950naa a2200205 i 4500 |
| 001 |
acta83217 |
| 005 |
20240122084403.0 |
| 008 |
240122s2021 hu o 100 hun d |
| 040 |
|
|
|a SZTE Egyetemi Kiadványok Repozitórium
|b hun
|
| 041 |
|
|
|a hun
|
| 100 |
1 |
|
|a Csík Ádám Lajos
|
| 245 |
1 |
3 |
|a Az MTA könyvtárának építése és problémái a XX. században
|h [elektronikus dokumentum] :
|b [absztrakt] /
|c Csík Ádám Lajos
|
| 260 |
|
|
|c 2021
|
| 300 |
|
|
|a 56-57
|
| 490 |
0 |
|
|a Móra Kárpát-medencei Interdiszciplináris Szakkollégiumi Konferencia
|v 4
|
| 650 |
|
4 |
|a Bölcsészettudományok
|
| 650 |
|
4 |
|a Történettudomány és régészet
|
| 695 |
|
|
|a Magyar Tudományos Akadémia - könyvtár története - 20. sz. - előadáskivonat
|
| 711 |
|
|
|a IV. Móra Interdiszciplináris Kárpát-medencei Szakkollégiumi Konferencia
|c Szeged
|d 2021. március 19-20.
|
| 856 |
4 |
0 |
|u http://acta.bibl.u-szeged.hu/83217/1/morakonf_2021_marc_056-057.pdf
|z Dokumentum-elérés
|